Progress report the review of collection and classfication procedure in federal agencies and plans for future work (Record no. 495941)

000 -LEADER
fixed length control field 00406cam a22001097a 4500
008 - FIXED-LENGTH DATA ELEMENTS--GENERAL INFORMATION
fixed length control field 180718b1966 xxu||||| |||| 00| 0 eng d
082 ## - DEWEY DECIMAL CLASSIFICATION NUMBER
Classification number R2x73 Un3pr
245 ## - TITLE STATEMENT
Title Progress report the review of collection and classfication procedure in federal agencies and plans for future work
Statement of responsibility, etc. by Ann. R. Miller
260 ## - PUBLICATION, DISTRIBUTION, ETC.
Place of publication, distribution, etc. Washington
Name of publisher, distributor, etc. Executive Office Of the President
Date of publication, distribution, etc. 1966
300 ## - PHYSICAL DESCRIPTION
Extent 11p
700 ## - ADDED ENTRY--PERSONAL NAME
Personal name Miller, Ann R.
Holdings
Withdrawn status Lost status Damaged status Not for loan Permanent Location Current Location Date acquired Full call number Barcode Date last seen Price effective from Koha item type
        Indian Institute of Public Administration Indian Institute of Public Administration 2018-08-04 R2x73 Un3pr GG6304 2018-08-04 2018-08-04 GG

Powered by Koha